Mémoires et histoire à l'Ecole de la République : Quels enjeux ? (notice n° 2198129)

détails MARC
000 -LEADER
fixed length control field 01409cam a2200181 4500500
005 - DATE AND TIME OF LATEST TRANSACTION
control field 20260405085514.0
041 ## - LANGUAGE CODE
Language code of text/sound track or separate title fre
042 ## - AUTHENTICATION CODE
Authentication code dc
100 10 - MAIN ENTRY--PERSONAL NAME
Personal name Falaize, Benoît
Relator term author
245 00 - TITLE STATEMENT
Title Mémoires et histoire à l'Ecole de la République : Quels enjeux ?
260 ## - PUBLICATION, DISTRIBUTION, ETC.
Name of publisher, distributor, etc. Armand Colin,<br/>
Date of publication, distribution, etc. 2007.<br/>
520 ## - SUMMARY, ETC.
Summary, etc. L’école est le lieu privilégié de manifestation des tensions entre mémoire(s) et histoire. Tiraillée entre la fonction républicaine, laïque et consensuelle, et le réveil des susceptibilités religieuses et communautaires, l’institution scolaire est à la peine. Les difficultés actuelles sont d’abord de l’ordre de la maîtrise des connaissances sur sujets «sensibles» par les enseignants. Elles relèvent aussi de la didactique, de la manière de faire la classe. Comment aborder ces sujets&amp;#8239;? Comment articuler ce qui ressort de l’émotion et de la nécessaire transmission d’un savoir&amp;#8239;? Comment faire face aux réactions souvent déconcertantes des élèves&amp;#8239;? Cet ouvrage fait le point, et propose des repères.
700 10 - ADDED ENTRY--PERSONAL NAME
Personal name Bonafoux, Corinne
Relator term author
700 10 - ADDED ENTRY--PERSONAL NAME
Personal name De Cock, Laurence
Relator term author
700 10 - ADDED ENTRY--PERSONAL NAME
Personal name Bonafoux-Verrax, Corinne
Relator term author
700 10 - ADDED ENTRY--PERSONAL NAME
Personal name De Cock-Pierrepont, Laurence
Relator term author
856 41 - ELECTRONIC LOCATION AND ACCESS
Uniform Resource Identifier <a href="https://shs.cairn.info/memoires-et-histoire-a-lecole-de-la-republique--9782200346355?lang=fr&redirect-ssocas=7080">https://shs.cairn.info/memoires-et-histoire-a-lecole-de-la-republique--9782200346355?lang=fr&redirect-ssocas=7080</a>

Pas d'exemplaire disponible.

PLUDOC

PLUDOC est la plateforme unique et centralisée de gestion des bibliothèques physiques et numériques de Guinée administré par le CEDUST. Elle est la plus grande base de données de ressources documentaires pour les Étudiants, Enseignants chercheurs et Chercheurs de Guinée.

Adresse

627 919 101/664 919 101

25 boulevard du commerce
Kaloum, Conakry, Guinée

Réseaux sociaux

Powered by Netsen Group @ 2025